|
|
|
|
| LEADER |
01767nam a2200337 a 4500 |
| 001 |
GR-Antirio909 |
| 008 |
140313s19uu gr g 000 0 gre d |
| 020 |
|
|
|a 9602094362
|
| 040 |
|
|
|a GrPaTEI
|b gre
|c GR-PaULI
|
| 040 |
|
|
|a GrPaTEI
|b gre
|c GR-PaULI
|
| 082 |
|
0 |
|a 005.72
|2 22
|
| 100 |
1 |
|
|a Young, Michael J.
|
| 245 |
1 |
0 |
|a Microsoft βήμα βήμα XML /
|c Michael J. Young.
|
| 260 |
|
|
|a Αθήνα :
|b Κλειδάριθμος,
|c [19--]
|
| 300 |
|
|
|a 386 σ.
|a είκ. +
|e 1 cd-rom
|
| 500 |
|
|
|a Ανατυπώθηκε το 2007
|
| 500 |
|
|
|a Περιλαμβάνει ευρετήριο
|
| 500 |
|
|
|a Σύστημα "ΕΥΔΟΞΟΣ": αρ. εισ. 9353, 9571
|
| 500 |
|
|
|a Τίτλος πρωτοτύπου: XML Step by step
|
| 500 |
|
|
|a Τμήμα Μηχανικών Πληροφορικής Τ.Ε. (Αντίρριο)
|
| 610 |
|
4 |
|a Σύστημα ΕΥΔΟΞΟΣ
|
| 610 |
2 |
4 |
|a Τμήμα Μηχανικών Πληροφορικής Τ.Ε. (Αντίρριο)
|
| 650 |
|
0 |
|a XML (Document markup language)
|
| 650 |
|
0 |
|a XML (Γλώσσα μέτρησεις τεκμηρίων)
|
| 650 |
|
0 |
|a XML (Γλώσσα σήμανσης εγγράφου)
|
| 650 |
|
0 |
|a XML (Γλώσσα σημειογραφίας κειμένου)
|
| 942 |
|
|
|2 ddc
|
| 952 |
|
|
|0 0
|1 0
|2 ddc
|4 0
|6 005_720000000000000_YOU
|7 0
|9 262429
|a LISK-2
|b LISK-2
|c EUD
|d 2021-01-17
|e 24
|f 0
|g 0.00
|l 0
|o 005.72 YOU
|p 2430000009353
|r 2021-01-17 00:00:00
|t 1
|w 2021-01-17
|y BK15
|x 20140313 0 ΧΑΣΑΝΗ 1
|x GrPaTEI - Antirrio
|
| 952 |
|
|
|0 0
|1 0
|2 ddc
|4 0
|6 005_720000000000000_YOU
|7 0
|9 262430
|a LISK-2
|b LISK-2
|c EUD
|d 2021-01-17
|e 24
|f 0
|g 0.00
|l 0
|o 005.72 YOU
|p 2430000009571
|r 2021-01-17 00:00:00
|t 1
|w 2021-01-17
|y BK15
|x 20150127 0 ΧΑΣΑΝΗ 1
|x GrPaTEI - Antirrio
|
| 971 |
|
|
|a .b25707085
|b 15-04-20
|c 12-09-16
|
| 999 |
|
|
|c 151314
|d 151314
|